| 000 | 00665nam a22002297a 4500 | ||
|---|---|---|---|
| 003 | OSt | ||
| 005 | 20220107122719.0 | ||
| 008 | 130814b xxu||||| |||| 00| 0 eng d | ||
| 020 | _a9780387758886 | ||
| 040 | _cIIITM-K | ||
| 082 | _a003 MEY/E.3 | ||
| 245 |
_aEncyclopedia of complexity and systems science.Vol.3.: _cedited by Robert A Meyers _bE |
||
| 260 |
_aUSA, _bSpringer, _c2009. |
||
| 300 | _alxxvii, 3326p. | ||
| 650 |
_aCOMPUTER SCIENCE _91473 |
||
| 650 |
_aCOMPUTATIONAL COMPLEXITY _91474 |
||
| 650 |
_aSYSTEMS SCIENCE _91475 |
||
| 650 |
_aSYNERGETICS _91476 |
||
| 650 |
_aSYSTEM DYNAMICS _91477 |
||
| 700 |
_aMeyers, Robert A _91478 |
||
| 942 |
_2ddc _cRBK |
||
| 999 |
_c3170 _d3170 |
||